Psicosis sociales (Registro nro. 137112)

Detalles MARC
000 -LEADER
campo de control de longitud fija 00683nam a2200181 4500
001 - NÚMERO DE CONTROL
campo de control 137112
003 - IDENTIFICADOR DE NÚMERO DE CONTROL
campo de control ES-MaACL
005 - FECHA Y HORA DE LA ÚLTIMA TRANSACCIÓN
campo de control 20230906195319.0
007 - CAMPO FIJO DE DESCRIPCIÓN FÍSICA--INFORMACIÓN GENERAL
campo de control de longitud fija t|
008 - DATOS DE LONGITUD FIJA--INFORMACIÓN GENERAL
campo de control de longitud fija 070214s1931 sp r ||||1| spa d
100 1# - ENTRADA PRINCIPAL--NOMBRE DE PERSONA
Nombre de persona Salas y Vaca, José.
9 (RLIN) 101781
245 10 - MENCIÓN DEL TÍTULO
Título Psicosis sociales
Resto del título : discurso leído en la Academia de Ciencias Médicas de Córdoba... en la... recepción /
Mención de responsabilidad, etc. del académico D. José Salas y Vaca ; contestación de D. José Navarro Moreno.
260 ## - PUBLICACIÓN, DISTRIBUCIÓN, ETC.
Lugar de publicación, distribución, etc. Córdoba :
Nombre del editor, distribuidor, etc. El Defensor,
Fecha de publicación, distribución, etc. 1931.
300 ## - DESCRIPCIÓN FÍSICA
Extensión 34 p. ;
Dimensiones 24 x 17 cm.
700 1# - ENTRADA AGREGADA--NOMBRE PERSONAL
Nombre de persona Navarro Moreno, José.
9 (RLIN) 85152
710 2# - ENTRADA AGREGADA--NOMBRE DE ENTIDAD CORPORATIVA
Nombre de entidad corporativa o nombre de jurisdicción como elemento de entrada Academia de Ciencias Médicas de Córdoba.
9 (RLIN) 1172
852 ## - LOCALIZACIÓN
Ubicación ES-MaACL
Número de control de estantería 1753-F-1
Existencias
Estatus retirado Estado de pérdida Estado de daño No para préstamo Colección Biblioteca de origen Biblioteca actual Ubicación en estantería Fecha de adquisición Fuente de adquisición Total de préstamos Signatura topográfica completa Código de barras Visto por última vez Precio de reemplazo Tipo de ítem Koha
        Colección de folletos Biblioteca del Ateneo de Madrid Biblioteca del Ateneo de Madrid Depósito folletos 17/01/2008     1753-F-1 1142688 23/02/2023 23/02/2023 Folleto